| 000 | 00397nam a2200145Ia 4500 | ||
|---|---|---|---|
| 008 | 230917s9999||||xx |||||||||||||| ||und|| | ||
| 040 |
_e5000214 _aMAIN |
||
| 041 | _aEnglish | ||
| 082 | _a155.5 I2A | ||
| 100 | _aIndu | ||
| 245 | 0 | _aAdolescent aggression in relation to partental and peer rejection, moral disengagement and self-regulation | |
| 260 | _c2022 | ||
| 300 | _axi, 130 p. | ||
| 942 | _cBK | ||
| 999 |
_c8969 _d8969 |
||